000 01095nam a22002537a 4500
005 20240305165457.0
007 cr|||| ||||
008 171122s2016 ck |||||s|||| 00||0 spa d
020 _a978-958-738-800-8
035 _a20872
040 _avLex
090 _c7239
_d7239
100 1 _aRamos Pismataro, Francesca
245 1 0 _aDe Chávez a Maduro
_h[Recurso electrónico]:
_bbalance y perspectivas /
_cFrancesca Ramos Pismataro; Antonio de Lisio
256 _aServicio en línea
260 _aBogotá:
_bUniversidad del Rosario,
_c2016
300 _a1 recurso electrónico
506 1 _aDisponible solo en los productos indicados
_dvLex Global
_dvLex Global (Academic Edition, excluding Law Schools)
_dvLex Global (U.S. Academic Edition, Law Schools)
_dvLex Global (U.S. Academic Edition, excluding Law Schools)
_dvLex Global (Academic Edition, Law Schools)
650 0 4 _aCiencia política
_zColombia
700 1 _aDe Lisio, Antonio
740 0 _avLex Libros (Servicio en línea)
856 4 0 _uhttps://app.vlex.com/#/sources/chavez-maduro-balance-perspectivas-20872
942 _cRAA
999 _c165478
_d165478